000 00315nam a22001337a 4500
008 171031b xxu||||| |||| 00| 0 eng d
020 _a 9781885073624
041 _aeng
080 _a33
100 _a59
101 _aBUS
245 _aA SHORT COURSE IN INTERNATIONAL BUSINESS PLANS
_cBROWN,R.L
942 _2udc
_cBK
999 _c36811
_d36811